Kvalifikovaná pracovná sila a jej význam pre rozvoj regiónu diplomová práca

Salvato in:
Dettagli Bibliografici
Autore principale: Durcová, Zuzana
Ente Autore: Národohospodárska fakulta EU. Katedra verejnej správy a regionálneho rozvoja
Altri autori: Tvrdoň, Jozef
Natura: Libro
Lingua:slovacco
Pubblicazione: Bratislava 2010
Tags: Aggiungi Tag
Nessun Tag, puoi essere il primo ad aggiungerne!!

MARC

LEADER 00000nam$a2200000$$$4500
001 0120800
005 20240318122505.2
041 0 |a slo 
044 |a SK 
245 1 0 |a Kvalifikovaná pracovná sila a jej význam pre rozvoj regiónu  |b diplomová práca  |c Zuzana Durcová ; škol. Jozef Tvrdoň 
264 1 |a Bratislava  |c 2010 
100 1 |a Durcová, Zuzana 
700 1 |a Tvrdoň, Jozef 
710 2 |a Národohospodárska fakulta EU. Katedra verejnej správy a regionálneho rozvoja